000 003380000a22001450004500
005 20120302062725.0
942 _cBOOK
100 _a GOKHALE , PRABHAKAR
245 _a SUKHI SANSARAKADE
260 _aMUMBAI : SUDHA PARCHURE , 1951
300 _a157 P.
040 _aMAR
365 _bRS.3/-
650 _aSANKIRNA / SANSARIK PRASHNA
999 _c357485
_d357482